[Event "XXIV Weekend A"]
[Site "Robecchetto con Induno ITA"]
[Date "2013.12.27"]
[Round "1"]
[White "Loi, Alberto"]
[Black "Biava, Pierluigi"]
[WhiteElo "1831"]
[BlackElo "1686"]
[Result "0-1"]
[PlyCount "64"]
[EventDate "2013.12.27"]

1. d4 Nf6 2. Nf3 d5 3. g3 g6 4. Bg2 Bg7 5. O-O O-O 6. Bg5 c6 7. Nbd2 Nbd7 8. c4
h6 9. Bf4 Nh5 10. Be3 Nb6 11. Qc1 Be6 12. c5 Nd7 13. Nb3 Kh7 14. Qd2 Ndf6 15.
Ne5 Ne4 16. Bxe4 dxe4 17. f3 Bh3 18. Rf2 Qd5 19. fxe4 Qxe4 20. Qd3 Qd5 21. g4
Bxe5 22. gxh5 Bg7 23. Bf4 Qxh5 24. Qf3 Qxf3 25. exf3 Be6 26. Be3 Rad8 27. Rd1
f5 28. Nc1 f4 29. Rg2 fxe3 30. Re2 Bxd4 31. Nb3 Bxb3 32. axb3 Bxc5 0-1

[Event "XXIV Weekend A"]
[Site "Robecchetto con Induno ITA"]
[Date "2013.12.27"]
[Round "1"]
[White "Macario, Marco"]
[Black "Saccani, Ettore"]
[WhiteElo "1839"]
[BlackElo "1726"]
[Result "1-0"]
[PlyCount "55"]
[EventDate "2013.12.27"]

1. e4 e6 2. d4 d5 3. Nd2 Nf6 4. e5 Nfd7 5. Ngf3 b6 6. Be2 Ba6 7. O-O Bxe2 8.
Qxe2 c5 9. c4 dxc4 10. Nxc4 Nc6 11. Bg5 Qc7 12. Rfd1 h6 13. Be3 cxd4 14. Nxd4
Ncxe5 15. Rac1 Qb7 16. Nxe5 Nxe5 17. Qb5+ Nd7 18. Bf4 Bc5 19. Rxc5 a6 20. Qc6
Qxc6 21. Rxc6 e5 22. Bxe5 Nxe5 23. Re1 f6 24. f4 Rd8 25. fxe5 Rxd4 26. exf6+
Kf7 27. Re7+ Kg6 28. fxg7+ 1-0

[Event "XXIV Weekend A"]
[Site "Robecchetto con Induno ITA"]
[Date "2013.12.27"]
[Round "1"]
[White "Messina, Gianmaria"]
[Black "Raselli, Claudio"]
[WhiteElo "1796"]
[BlackElo "1878"]
[Result "1/2-1/2"]
[PlyCount "79"]
[EventDate "2013.12.27"]

1. e4 c5 2. Nf3 e6 3. b3 Nf6 4. e5 Nd5 5. Bb2 Be7 6. g3 Nc6 7. Bg2 O-O 8. O-O
d6 9. exd6 Qxd6 10. Re1 Bf6 11. Bxf6 Nxf6 12. d3 b6 13. Nc3 Bb7 14. Ne5 a6 15.
Nxc6 Bxc6 16. Ne4 Nxe4 17. Bxe4 Bxe4 18. Rxe4 Rfd8 19. Qe2 Rac8 20. a4 Qc6 21.
Re1 Rd4 22. Qh5 Rcd8 23. Qe5 Rxe4 24. Qxe4 Qxe4 25. Rxe4 Kf8 26. Kf1 Ke7 27.
Ke2 Rd5 28. Ke3 Rh5 29. h4 Rd5 30. c4 Rd6 31. d4 f6 32. d5 Kd7 33. Rxe6 Rxe6+
34. dxe6+ Kxe6 35. Kf4 a5 36. g4 g6 37. h5 Kd6 38. Ke4 Ke6 39. Kf4 Kd6 40. Ke4
1/2-1/2

[Event "XXIV Weekend A"]
[Site "Robecchetto con Induno ITA"]
[Date "2013.12.27"]
[Round "1"]
[White "Palminteri, Vincenzo"]
[Black "Bejo, Armand"]
[WhiteElo "1810"]
[BlackElo "1609"]
[Result "0-1"]
[PlyCount "100"]
[EventDate "2013.12.27"]

1. e4 e5 2. Nf3 Nf6 3. d4 exd4 4. e5 Ne4 5. Qxd4 d5 6. Bd3 Nc6 7. Qa4 Bf5 8.
O-O Nc5 9. Qf4 Bxd3 10. cxd3 Nxd3 11. Qe3 Nxc1 12. Rxc1 Qd7 13. Rd1 O-O-O 14.
Nc3 d4 15. Qe4 Bc5 16. Rd3 Nb4 17. Rd2 Qc6 18. Qxc6 Nxc6 19. Ne2 Rhe8 20. Rad1
Bb4 21. Rd3 Nxe5 22. Nxe5 Rxe5 23. Kf1 c5 24. Rc1 Kb8 25. f4 Re3 26. Rxe3 dxe3
27. Nc3 Rd2 28. Re1 Bxc3 29. bxc3 Rf2+ 30. Kg1 Rxf4 31. Rxe3 Kc7 32. g3 Rf6 33.
Kg2 Kc6 34. g4 h6 35. Kg3 b5 36. h4 a5 37. Re8 Kd5 38. Rg8 Kc4 39. Rxg7 Kxc3
40. g5 hxg5 41. Rxg5 Kb4 42. Kg4 c4 43. a3+ Ka4 44. Rc5 Rb6 45. Kg5 Kxa3 46. h5
Kb4 47. Rf5 c3 48. Rxf7 c2 49. Rc7 Kb3 50. h6 Kb2 0-1

[Event "XXIV Weekend A"]
[Site "Robecchetto con Induno ITA"]
[Date "2013.12.27"]
[Round "1"]
[White "Pizzolato, Roberto"]
[Black "Paniga, Danilo"]
[WhiteElo "1732"]
[BlackElo "1843"]
[Result "1/2-1/2"]
[PlyCount "138"]
[EventDate "2013.12.27"]

1. e4 d6 2. d4 Nf6 3. Nc3 c6 4. f4 Qa5 5. Bd3 e5 6. Nf3 Nbd7 7. Bd2 exd4 8. Nd5
Qd8 9. Nxf6+ Qxf6 10. O-O c5 11. Re1 Be7 12. Qe2 O-O 13. Ng5 g6 14. e5 dxe5 15.
fxe5 Qb6 16. Bc4 Kg7 17. Nxf7 Rxf7 18. e6 Bf6 19. exf7 Qd6 20. Qe8 Nf8 21. Rf1
b6 22. Qe4 Qb8 23. Bf4 Bb7 24. Bd5 Bxd5 25. Qxd5 Qd8 26. Qxd8 Rxd8 27. Rae1 Rd7
28. Be5 Bxe5 29. Rxe5 Rxf7 30. Rxf7+ Kxf7 31. Kf2 Nd7 32. Re1 Nf6 33. c3 Ng4+
34. Kf3 Ne3 35. cxd4 cxd4 36. g3 Ke6 37. Ke4 Kd6 38. Rc1 Ng4 39. h3 Nf2+ 40.
Kxd4 Nxh3 41. Rc8 Ng5 42. Ra8 a5 43. Rc8 h5 44. Ke3 Ne6 45. Rg8 g5 46. Ke4 h4
47. Kf5 Nd4+ 48. Ke4 Ne2 49. Rxg5 Nxg3+ 50. Kf3 Kc6 51. Rg4 Nf5 52. Kf4 Ne7 53.
Kg5 Nd5 54. Rxh4 Kc5 55. Kf5 Nb4 56. a3 Nd3 57. Rh2 Kd5 58. Kf6 Kc4 59. Rc2+
Kd5 60. Ke7 b5 61. Kd7 b4 62. axb4 axb4 63. Kc7 Kd4 64. Kb6 Nxb2 65. Rxb2 Kc3
66. Rh2 b3 67. Kc5 b2 68. Rh3+ Kc2 69. Rh2+ Kc1 1/2-1/2

[Event "XXIV Weekend A"]
[Site "Robecchetto con Induno ITA"]
[Date "2013.12.27"]
[Round "1"]
[White "Porzio, Massimo"]
[Black "Pozzi, Luca"]
[WhiteElo "1848"]
[BlackElo "1738"]
[Result "1/2-1/2"]
[PlyCount "51"]
[EventDate "2013.12.27"]

1. e4 c5 2. Nf3 g6 3. d4 cxd4 4. Nxd4 Bg7 5. c4 d6 6. Be2 Nf6 7. Nc3 O-O 8. O-O
Nc6 9. Nc2 Nd7 10. Rb1 Nc5 11. f3 Be6 12. Be3 Ne5 13. Nd5 Bxd5 14. Qxd5 Qc7 15.
Qd2 Na4 16. Qb4 Nb6 17. Na3 Nc6 18. Qd2 a6 19. Nc2 Na4 20. Nd4 Rab8 21. b3 Nxd4
22. Bxd4 Bxd4+ 23. Qxd4 Qc5 24. Rbd1 Qxd4+ 25. Rxd4 Nc3 26. Rd2 1/2-1/2

[Event "XXIV Weekend A"]
[Site "Robecchetto con Induno ITA"]
[Date "2013.12.27"]
[Round "1"]
[White "Recanatini, Italo"]
[Black "Lucchese, Paolo"]
[WhiteElo "1808"]
[BlackElo "1960"]
[Result "0-1"]
[PlyCount "86"]
[EventDate "2013.12.27"]

1. e4 e5 2. Nf3 Nc6 3. Bb5 Nge7 4. c3 a6 5. Bc4 d5 6. exd5 Nxd5 7. d3 Be7 8.
O-O O-O 9. Be3 Be6 10. Nbd2 b5 11. Bxd5 Qxd5 12. Qc2 Rfd8 13. d4 exd4 14. Nxd4
Nxd4 15. cxd4 Bd6 16. Ne4 Bf5 17. f3 Re8 18. Rad1 Bg6 19. b3 Bxe4 20. fxe4 Rxe4
21. Qd3 Rae8 22. Bf2 Rg4 23. Bg3 Bxg3 24. hxg3 f6 25. Rf5 Qe4 26. Rc5 Qxd3 27.
Rxd3 Rd8 28. d5 Rg5 29. a4 bxa4 30. bxa4 Rd7 31. Rd4 Rxg3 32. Rc6 Rg5 33. Rdc4
Rdxd5 34. Rxc7 Rd2 35. g4 h5 36. Ra7 a5 37. Rc8+ Kh7 38. Rc4 hxg4 39. Rc6 Kh6
40. Rc4 g3 41. Ra8 g2 42. Rh8+ Kg6 43. Rh2 Rd1+ 0-1

[Event "XXIV Weekend A"]
[Site "Robecchetto con Induno ITA"]
[Date "2013.12.27"]
[Round "1"]
[White "Rossi, Emanuele"]
[Black "Novi', Giuseppe"]
[WhiteElo "1628"]
[BlackElo "1822"]
[Result "1-0"]
[PlyCount "63"]
[EventDate "2013.12.27"]

1. e4 c6 2. Nf3 d5 3. Nc3 Bg4 4. d4 e6 5. Be2 Nd7 6. Nd2 Bxe2 7. Nxe2 dxe4 8.
Nxe4 Ngf6 9. N2g3 Bb4+ 10. c3 Ba5 11. Nd6+ Ke7 12. Bf4 Bc7 13. Nxb7 Qc8 14.
Bxc7 Qxc7 15. Nc5 Nxc5 16. dxc5 Rhd8 17. Qe2 Rd5 18. O-O Rxc5 19. f4 Kf8 20.
Qe3 Rb5 21. c4 Rxb2 22. Qa3+ Kg8 23. Qxb2 Rb8 24. Qe2 Qa5 25. Kh1 h5 26. f5 h4
27. Nh5 Nxh5 28. Qxh5 exf5 29. Qxh4 Rb2 30. Rad1 Rd2 31. Rb1 Qe5 32. Rfe1 1-0

[Event "XXIV Weekend A"]
[Site "Robecchetto con Induno ITA"]
[Date "2013.12.28"]
[Round "2"]
[White "Biava, Pierluigi"]
[Black "Macario, Marco"]
[WhiteElo "1686"]
[BlackElo "1839"]
[Result "0-1"]
[PlyCount "74"]
[EventDate "2013.12.27"]

1. e4 c5 2. Nc3 e6 3. f4 Nc6 4. Nf3 g6 5. g3 Bg7 6. Bg2 Nge7 7. d3 d5 8. O-O
O-O 9. Kh1 a6 10. Qe2 b5 11. Qf2 Qb6 12. exd5 exd5 13. Nd1 Bb7 14. c3 Rad8 15.
Nd2 d4 16. Ne4 Rfe8 17. Bd2 h6 18. g4 dxc3 19. Bxc3 Nd4 20. b4 cxb4 21. Bxb4
Qc7 22. Bc3 b4 23. Bb2 Qc2 24. Rc1 Qxd3 25. Nc5 Bxg2+ 26. Qxg2 Qb5 27. Re1 Nec6
28. Ne3 Rd6 29. f5 Nf3 30. Qxf3 Bxb2 31. Rc2 Nd4 32. Qf1 Qxf1+ 33. Rxf1 Nxc2
34. Nxc2 Rc8 35. fxg6 Rxc5 36. gxf7+ Kf8 37. Ne3 Rc1 0-1

[Event "XXIV Weekend A"]
[Site "Robecchetto con Induno ITA"]
[Date "2013.12.28"]
[Round "2"]
[White "Caldarola, Stefano"]
[Black "Isoardi, Luigi"]
[WhiteElo "1861"]
[BlackElo "1747"]
[Result "1-0"]
[PlyCount "105"]
[EventDate "2013.12.27"]

1. d4 d5 2. c4 e6 3. Nf3 Nf6 4. g3 Be7 5. Bg2 O-O 6. O-O dxc4 7. Nbd2 Nc6 8.
Nxc4 Bd7 9. Qc2 Rc8 10. a3 a6 11. b4 b5 12. Nce5 Nb8 13. Bb2 Nd5 14. Rfc1 Be8
15. h4 f6 16. Nd3 Bg6 17. Qd1 Nb6 18. Nf4 Bf7 19. Bh3 Na4 20. Rab1 Nxb2 21.
Rxb2 Qd6 22. d5 f5 23. dxe6 Qxd1+ 24. Rxd1 Be8 25. Nd5 Bd6 26. e7 Rf7 27. Ng5
g6 28. Nxf7 Bxf7 29. e4 Bxd5 30. Rxd5 Bxe7 31. exf5 c6 32. fxg6 Rf8 33. gxh7+
Kxh7 34. Rf5 Bf6 35. Rd2 Kg7 36. Kg2 Rf7 37. Rf3 Rc7 38. Re3 c5 39. bxc5 Rxc5
40. Re8 Nc6 41. Rc8 Rc3 42. Bd7 Ne7 43. Rxc3 Bxc3 44. Rd6 b4 45. axb4 Bxb4 46.
Rxa6 Nd5 47. Ba4 Nf6 48. f3 Nd5 49. h5 Bc3 50. Kh3 Kf8 51. Bb3 Ne7 52. h6 Bd2
53. Ra8+ 1-0

[Event "XXIV Weekend A"]
[Site "Robecchetto con Induno ITA"]
[Date "2013.12.28"]
[Round "2"]
[White "Caldi, Mario"]
[Black "Guerini, Sara"]
[WhiteElo "1865"]
[BlackElo "1754"]
[Result "0-1"]
[PlyCount "112"]
[EventDate "2013.12.27"]

1. e4 e5 2. Nf3 Nc6 3. Bc4 Bc5 4. c3 Nf6 5. d3 d6 6. h3 Ne7 7. O-O O-O 8. d4
exd4 9. cxd4 Bb6 10. Bd3 Ng6 11. Nc3 Re8 12. Re1 a6 13. Be3 Ba7 14. Qb3 b5 15.
Rad1 Bb7 16. Ng5 Qd7 17. e5 dxe5 18. Bxg6 hxg6 19. dxe5 Qc6 20. Qxf7+ Kh8 21.
Nf3 Nh5 22. Bxa7 Rf8 23. Qd7 Rxa7 24. Qxc6 Bxc6 25. Nd4 Ba8 26. Ne6 Re8 27. Rd8
Rxd8 28. Nxd8 c5 29. e6 Re7 30. Ne4 Nf4 31. Nf7+ Kg8 32. Nxc5 Bxg2 33. Ng5
Nxh3+ 34. Nxh3 Bxh3 35. Nxa6 Rxe6 36. Rxe6 Bxe6 37. a3 Kf7 38. Nc5 Bd5 39. Kh2
Kf6 40. Kg3 Kf5 41. b4 Bc6 42. Nd3 g5 43. f3 g6 44. Kf2 Be8 45. Kg3 Bc6 46. Kf2
Be8 47. Ke3 g4 48. f4 g5 49. fxg5 Kxg5 50. Kf2 Kh4 51. Ne5 Kh3 52. Nd3 Kh2 53.
Nf4 g3+ 54. Kf1 Bc6 55. Ne2 Bf3 56. Ng1 Bg2+ 0-1

[Event "XXIV Weekend A"]
[Site "Robecchetto con Induno ITA"]
[Date "2013.12.28"]
[Round "2"]
[White "Cecchini, Massimo S."]
[Black "Foglieni, Matteo"]
[WhiteElo "1786"]
[BlackElo "1853"]
[Result "0-1"]
[PlyCount "73"]
[EventDate "2013.12.27"]

1. d4 f5 2. Nf3 Nf6 3. Bf4 e6 4. e3 Be7 5. h3 O-O 6. Be2 b6 7. O-O Bb7 8. c4
Ne4 9. Nbd2 Nxd2 10. Qxd2 d6 11. Rfd1 Nd7 12. Rac1 Qe8 13. Kh1 Nf6 14. Ng5 Qg6
15. Rg1 Ng4 16. Bf3 Bxf3 17. Nxf3 Nf6 18. Qe1 Rae8 19. b4 Ne4 20. Nd2 e5 21.
dxe5 dxe5 22. Nxe4 exf4 23. Nd2 fxe3 24. Nf3 Bg5 25. Nxg5 Qxg5 26. fxe3 Rxe3
27. Qd1 Qh4 28. Qd5+ Kh8 29. Rgf1 f4 30. Qd4 Qg3 31. Rcd1 f3 32. Rxf3 Rexf3 33.
gxf3 Qxh3+ 34. Kg1 Qg3+ 35. Kf1 Rxf3+ 36. Ke2 Qg2+ 37. Ke1 0-1

[Event "XXIV Weekend A"]
[Site "Robecchetto con Induno ITA"]
[Date "2013.12.28"]
[Round "2"]
[White "Cervini, Gian Piero"]
[Black "D'Ambrosio, Luca"]
[WhiteElo "1795"]
[BlackElo "1862"]
[Result "0-1"]
[PlyCount "66"]
[EventDate "2013.12.27"]

1. e4 Nf6 2. e5 Nd5 3. c4 Nb6 4. d4 d6 5. f4 dxe5 6. fxe5 Nc6 7. Be3 Bf5 8. Nc3
e6 9. Nf3 Nb4 10. Rc1 c5 11. a3 cxd4 12. Nxd4 Nc6 13. Nxf5 exf5 14. Qf3 Qh4+
15. Bf2 Qg4 16. Qxg4 fxg4 17. Bxb6 axb6 18. Nd5 Rd8 19. Be2 Nxe5 20. Nxb6 Be7
21. Nd5 Bh4+ 22. g3 Bg5 23. Rc3 O-O 24. O-O b5 25. Ne3 bxc4 26. Nxc4 Nxc4 27.
Bxc4 Bf6 28. Rc2 Rd4 29. b3 Rfd8 30. a4 Rd2 31. Rxd2 Rxd2 32. Rf2 Bd4 33. Bxf7+
Kf8 0-1

[Event "XXIV Weekend A"]
[Site "Robecchetto con Induno ITA"]
[Date "2013.12.28"]
[Round "2"]
[White "Conta, Diego"]
[Black "Recanatini, Italo"]
[WhiteElo "1652"]
[BlackElo "1808"]
[Result "1/2-1/2"]
[PlyCount "109"]
[EventDate "2013.12.27"]

1. e4 d5 2. exd5 Qxd5 3. Nc3 Qa5 4. Nf3 Bg4 5. Be2 Nf6 6. O-O e6 7. d4 Bxf3 8.
Bxf3 c6 9. Bf4 Nbd7 10. a3 Be7 11. b4 Qd8 12. Qd3 a6 13. Ne2 O-O 14. c4 e5 15.
Bg3 Re8 16. Nc3 exd4 17. Qxd4 Nf8 18. Rad1 Qxd4 19. Rxd4 Rad8 20. Rxd8 Rxd8 21.
Rd1 Rxd1+ 22. Nxd1 Ne6 23. Be5 Nd7 24. Bc3 Bf6 25. b5 axb5 26. cxb5 Bxc3 27.
Nxc3 Nd4 28. Be4 Nc5 29. bxc6 bxc6 30. f3 Nxe4 31. Nxe4 f5 32. Nc5 Kf7 33. Kf2
Ke7 34. a4 Kd6 35. Nd3 Nb3 36. Ke3 c5 37. Nb2 Kd5 38. Kd3 c4+ 39. Nxc4 Nc5+ 40.
Kc3 Nxa4+ 41. Kb4 f4 42. Nd2 Nc5 43. Kc3 g5 44. g4 Nd7 45. Kd3 Ne5+ 46. Ke2 Kd4
47. Ne4 h6 48. Nf2 Nf7 49. Ne4 Ke5 50. Kd3 Nd8 51. Nd2 Ne6 52. Nc4+ Kd5 53.
Nb6+ Kc6 54. Nc4 Kd5 55. Nb6+ 1/2-1/2

[Event "XXIV Weekend A"]
[Site "Robecchetto con Induno ITA"]
[Date "2013.12.28"]
[Round "2"]
[White "Giovarruscio, Gabriele"]
[Black "Palminteri, Vincenzo"]
[WhiteElo "1683"]
[BlackElo "1810"]
[Result "0-1"]
[PlyCount "70"]
[EventDate "2013.12.27"]

1. d4 g6 2. c4 d6 3. g3 Bg7 4. Bg2 c5 5. d5 Nd7 6. Nf3 Ngf6 7. Nc3 O-O 8. O-O
Nb6 9. Nd2 Nfd7 10. f4 e5 11. dxe6 fxe6 12. a4 a5 13. e4 Bd4+ 14. Kh1 Qf6 15.
e5 dxe5 16. Nce4 Qe7 17. Ra2 exf4 18. gxf4 e5 19. b3 exf4 20. Qf3 Ne5 21. Qe2
Bg4 22. Nf3 Rae8 23. h3 Bxf3 24. Bxf3 Nxf3 25. Qxf3 Qxe4 26. Kh2 Qxf3 27. Rxf3
Be3 28. Bb2 Nd7 29. Bc3 b6 30. Rg2 Ne5 31. Bxe5 Rxe5 32. h4 Rd8 33. Kh3 Rd2 34.
Rxd2 Bxd2 35. Rd3 Re3+ 0-1

[Event "XXIV Weekend A"]
[Site "Robecchetto con Induno ITA"]
[Date "2013.12.28"]
[Round "2"]
[White "Griffini, Andrea"]
[Black "Porzio, Massimo"]
[WhiteElo "1797"]
[BlackElo "1848"]
[Result "1/2-1/2"]
[PlyCount "73"]
[EventDate "2013.12.27"]

1. e4 c5 2. d4 cxd4 3. c3 dxc3 4. Nxc3 Nc6 5. Nf3 d6 6. Bc4 e6 7. O-O Nf6 8.
Qe2 Be7 9. Rd1 Bd7 10. Bg5 Qb8 11. Nb5 a6 12. Bxf6 gxf6 13. Nbd4 Ne5 14. Bb3
Kf8 15. Qe3 Rg8 16. Qh6+ Rg7 17. Nxe5 fxe5 18. Nf3 Qe8 19. Rd3 Kg8 20. Rad1 Bc6
21. Qe3 Rc8 22. Rc3 Bd7 23. Rdc1 Rxc3 24. Rxc3 Bc6 25. h4 Qd8 26. Rd3 Rg4 27.
Nxe5 Rxe4 28. Qg3+ Kf8 29. Nxc6 Re1+ 30. Kh2 bxc6 31. Qf4 d5 32. Qh6+ Ke8 33.
Qxh7 Bd6+ 34. g3 Qf6 35. Kg2 Qg6 36. Qxg6 fxg6 37. Ba4 1/2-1/2

[Event "XXIV Weekend A"]
[Site "Robecchetto con Induno ITA"]
[Date "2013.12.28"]
[Round "2"]
[White "Mantovani, Enrico"]
[Black "Bejo, Armand"]
[WhiteElo "1828"]
[BlackElo "1609"]
[Result "1-0"]
[PlyCount "75"]
[EventDate "2013.12.27"]

1. Nf3 Nc6 2. d4 e6 3. e4 d6 4. c4 Nf6 5. Nc3 Be7 6. Bd3 e5 7. d5 Nb8 8. h3 O-O
9. Be3 c6 10. b4 cxd5 11. cxd5 a6 12. a4 a5 13. b5 Nbd7 14. O-O b6 15. Qb3 Bb7
16. Rfc1 Rc8 17. Rc2 h6 18. Rac1 Nh7 19. Nd2 Bg5 20. Nd1 Bxe3 21. Nxe3 Rxc2 22.
Bxc2 Qc7 23. Ndc4 g6 24. Qd3 Rc8 25. Rf1 Nhf6 26. f3 Nh5 27. Kh2 Nf4 28. Qd2
Kg7 29. Qf2 Bxd5 30. exd5 Nxd5 31. Be4 Ne7 32. Rd1 d5 33. Bxd5 e4+ 34. Kh1 Nxd5
35. Rxd5 Nf6 36. Rd6 Rb8 37. Qb2 Qe7 38. Nd5 1-0

[Event "XXIV Weekend A"]
[Site "Robecchetto con Induno ITA"]
[Date "2013.12.28"]
[Round "2"]
[White "Novi', Giuseppe"]
[Black "Coqueraut, Lodewyk"]
[WhiteElo "1822"]
[BlackElo "1724"]
[Result "1-0"]
[PlyCount "73"]
[EventDate "2013.12.27"]

1. e4 c5 2. Nf3 d6 3. Bc4 e6 4. O-O Nf6 5. Re1 Be7 6. c3 O-O 7. d4 cxd4 8. cxd4
Qc7 9. Bd3 e5 10. Be3 Bg4 11. h3 Bh5 12. Nbd2 Nbd7 13. Rc1 Qb8 14. Qb3 Bg6 15.
Nh4 exd4 16. Nxg6 hxg6 17. Bxd4 Nc5 18. Bxc5 dxc5 19. e5 Nd7 20. e6 Bg5 21.
Rcd1 Ne5 22. Bb1 Bxd2 23. exf7+ Rxf7 24. Rxd2 c4 25. Qc3 Re7 26. Rde2 Qd6 27.
Rxe5 Rxe5 28. Qxe5 Qb6 29. Qe6+ Qxe6 30. Rxe6 Kf7 31. Rd6 Ke7 32. Rxg6 Rd8 33.
Be4 Rd1+ 34. Kh2 Rd2 35. Rxg7+ Kf6 36. Rxb7 Rxf2 37. Bd5 1-0

[Event "XXIV Weekend A"]
[Site "Robecchetto con Induno ITA"]
[Date "2013.12.28"]
[Round "2"]
[White "Oteri, Aldo"]
[Black "Biancotti, Alessandro"]
[WhiteElo "1776"]
[BlackElo "1872"]
[Result "0-1"]
[PlyCount "90"]
[EventDate "2013.12.27"]

1. e4 c5 2. Nf3 d6 3. d4 cxd4 4. Nxd4 Nf6 5. Nc3 g6 6. Be3 Bg7 7. f3 O-O 8. Qd2
Nc6 9. O-O-O Nxd4 10. Bxd4 Be6 11. Kb1 a6 12. g4 b5 13. a3 Rb8 14. h4 b4 15.
axb4 Rxb4 16. Ne2 Qa5 17. Nc1 Qa4 18. Bc3 Rb7 19. h5 Rfb8 20. Qd4 Qxd4 21. Bxd4
Ra8 22. hxg6 fxg6 23. Rd2 Nd7 24. Bxg7 Kxg7 25. Rdh2 Bg8 26. f4 Rab8 27. b3 a5
28. Be2 a4 29. Bd1 Nc5 30. e5 dxe5 31. fxe5 axb3 32. cxb3 Nd7 33. Re1 Nc5 34.
Re3 Nxb3 35. Bxb3 Bxb3 36. Nxb3 Rxb3+ 37. Rxb3 Rxb3+ 38. Kc2 Re3 39. Rg2 Rxe5
40. Kd3 Rg5 41. Re2 Kf7 42. Re4 Ra5 43. Ke3 e5 44. Kf3 Kf6 45. Kg3 Rd5 0-1

[Event "XXIV Weekend A"]
[Site "Robecchetto con Induno ITA"]
[Date "2013.12.28"]
[Round "2"]
[White "Paniga, Danilo"]
[Black "Messina, Gianmaria"]
[WhiteElo "1843"]
[BlackElo "1796"]
[Result "1-0"]
[PlyCount "47"]
[EventDate "2013.12.27"]

1. d4 e6 2. Nf3 d5 3. e3 f5 4. Nbd2 Nf6 5. Bd3 Bd6 6. O-O O-O 7. c3 c6 8. Ne5
Bxe5 9. dxe5 Ng4 10. Nf3 Nd7 11. b3 Ngxe5 12. Nxe5 Nxe5 13. Be2 Bd7 14. Bb2 Qc7
15. f4 Nf7 16. c4 Qb6 17. Bd4 c5 18. Bb2 Qd6 19. Rf3 Bc6 20. Rg3 g6 21. Qe1 e5
22. cxd5 exf4 23. Qc3 Ne5 24. exf4 1-0

[Event "XXIV Weekend A"]
[Site "Robecchetto con Induno ITA"]
[Date "2013.12.28"]
[Round "2"]
[White "Pozzi, Luca"]
[Black "Bianchi, Alberto"]
[WhiteElo "1738"]
[BlackElo "1954"]
[Result "0-1"]
[PlyCount "112"]
[EventDate "2013.12.27"]

1. e4 e5 2. Nf3 Nc6 3. d4 exd4 4. Bc4 Bb4+ 5. c3 Ba5 6. O-O Nge7 7. Ng5 Ne5 8.
Bxf7+ Nxf7 9. Nxf7 Kxf7 10. Qh5+ g6 11. Qxa5 dxc3 12. Nxc3 b6 13. Qe5 d6 14.
Qg3 Be6 15. Bg5 h6 16. Qf4+ Ke8 17. Bxh6 Kd7 18. Rfd1 Qg8 19. Qd2 Rd8 20. Bf4
Kc8 21. Rac1 Rh5 22. Bg5 Rd7 23. Nb5 Qd8 24. Nxa7+ Kb7 25. Nc6 Qh8 26. Nxe7
Rxh2 27. f3 Rh5 28. Nd5 Bxd5 29. Qxd5+ Kb8 30. Qe6 Rh1+ 31. Kf2 Qxb2+ 32. Kg3
Rhh7 33. Rh1 Rhf7 34. Qd5 Rf8 35. Qc6 Rdf7 36. Qd5 Qa3 37. Qb3 Qa5 38. Qd5 Qa3
39. Rcf1 Qb2 40. Rf2 Qc3 41. Rh4 Rd7 42. Qe6 Rff7 43. Rf4 Rh7 44. Qe8+ Kb7 45.
Qxg6 Rhg7 46. Qf5 c6 47. Rg4 Rdf7 48. Bf6 Rxg4+ 49. Qxg4 Qxf6 50. Kh2 Rg7 51.
Qf5 Qh6+ 52. Kg1 Rh7 53. Qh3 Qc1+ 54. Rf1 Qc5+ 55. Kh2 Qe5+ 56. Kg1 Rxh3 0-1

[Event "XXIV Weekend A"]
[Site "Robecchetto con Induno ITA"]
[Date "2013.12.28"]
[Round "2"]
[White "Raselli, Claudio"]
[Black "Pizzolato, Roberto"]
[WhiteElo "1878"]
[BlackElo "1732"]
[Result "1-0"]
[PlyCount "103"]
[EventDate "2013.12.27"]

1. e4 e5 2. Nf3 Nc6 3. Bb5 f5 4. d3 fxe4 5. dxe4 Nf6 6. O-O Bc5 7. Bxc6 bxc6 8.
Nxe5 O-O 9. Nd3 Nxe4 10. Nxc5 Nxc5 11. Be3 Ne4 12. Qd4 d5 13. Nc3 Nxc3 14. Qxc3
Qf6 15. Bd4 Qg6 16. Rfe1 Bf5 17. Re7 Rf7 18. Rae1 Be4 19. R1xe4 dxe4 20. Qc4
Raf8 21. Rxc7 Qg4 22. h3 Qf4 23. Rxa7 Kh8 24. Rxf7 Rxf7 25. Qxc6 Rf8 26. a4
Qc1+ 27. Kh2 Qf4+ 28. g3 Qf3 29. a5 Qe2 30. Qc5 Re8 31. c4 e3 32. Bxe3 Qxb2 33.
a6 Qb8 34. Qc6 Kg8 35. Qd5+ Kh8 36. a7 Qa8 37. Qxa8 Rxa8 38. Kg2 Kg8 39. Kf3
Kf7 40. Ke4 Ke6 41. Bc5 Rd8 42. f4 Rc8 43. f5+ Kd7 44. Kd5 Kc7 45. Bd6+ Kb7 46.
Bb8 Rd8+ 47. Ke6 Rf8 48. g4 Rf6+ 49. Ke5 Rc6 50. Kd5 Rf6 51. c5 Rc6 52. a8=Q+
1-0

[Event "XXIV Weekend A"]
[Site "Robecchetto con Induno ITA"]
[Date "2013.12.28"]
[Round "2"]
[White "Saccani, Ettore"]
[Black "Loi, Alberto"]
[WhiteElo "1726"]
[BlackElo "1831"]
[Result "0-1"]
[PlyCount "50"]
[EventDate "2013.12.27"]

1. e4 e5 2. Nf3 d6 3. Bc4 Be7 4. d3 Nf6 5. O-O O-O 6. Nc3 Bg4 7. Be3 Nc6 8. h3
Bh5 9. a3 a6 10. Nd5 Nd4 11. Nxf6+ Bxf6 12. g4 Nxf3+ 13. Qxf3 Bg6 14. Qg2 h6
15. f4 exf4 16. Rxf4 Bxb2 17. Raf1 Qe7 18. g5 h5 19. d4 Rae8 20. Qg3 Qd7 21.
Rxf7 Bxf7 22. Rxf7 Rxf7 23. g6 Re6 24. Qh4 Rxg6+ 25. Bg5 Bxd4+ 0-1

[Event "XXIV Weekend A"]
[Site "Robecchetto con Induno ITA"]
[Date "2013.12.28"]
[Round "2"]
[White "Turini, Gianluca"]
[Black "Cerutti, Fabio Maria"]
[WhiteElo "1850"]
[BlackElo "1772"]
[Result "0-1"]
[PlyCount "114"]
[EventDate "2013.12.27"]

1. d4 Nf6 2. c4 c5 3. d5 b5 4. cxb5 a6 5. bxa6 g6 6. Nc3 Bxa6 7. e4 Bxf1 8.
Kxf1 d6 9. g3 Bg7 10. Kg2 O-O 11. Nf3 Nbd7 12. h3 Ra6 13. Qc2 Qa8 14. Bd2 Rb8
15. a4 Ne8 16. Rhb1 Nc7 17. Ra2 Qb7 18. b3 Rb6 19. a5 Rxb3 20. a6 Nxa6 21. Rxb3
Qxb3 22. Qxb3 Rxb3 23. Rxa6 Bxc3 24. Bxc3 Rxc3 25. Ra7 Nf6 26. Rxe7 Kf8 27. Ra7
Nxe4 28. Ne1 Rc1 29. Nd3 Rd1 30. Kf3 Rxd3+ 31. Kxe4 Rd4+ 32. Ke3 Rxd5 33. Ra8+
Ke7 34. f4 c4 35. Ra3 Rd3+ 36. Rxd3 cxd3 37. Kxd3 h5 38. g4 h4 39. Ke4 Ke6 40.
Kd4 f5 41. g5 Ke7 42. Kc4 Kd8 43. Kd4 Ke7 44. Kd5 Kd7 45. Kc4 Kc6 46. Kd4 d5
47. Ke5 Kc5 48. Kf6 d4 49. Kxg6 d3 50. Kh7 d2 51. g6 d1=Q 52. g7 Qd7 53. Kh8
Qe8+ 54. g8=Q Qxg8+ 55. Kxg8 Kd4 56. Kg7 Ke4 57. Kg6 Kxf4 0-1

[Event "XXIV Weekend A"]
[Site "Robecchetto con Induno ITA"]
[Date "2013.12.28"]
[Round "2"]
[White "Zuliani, Francesco"]
[Black "Rossi, Emanuele"]
[WhiteElo "1834"]
[BlackElo "1628"]
[Result "1-0"]
[PlyCount "69"]
[EventDate "2013.12.27"]

1. e4 c5 2. c3 Nc6 3. d4 cxd4 4. cxd4 Nf6 5. Nc3 e6 6. Nf3 Bb4 7. Bd3 d5 8.
exd5 Nxd5 9. Bd2 Bxc3 10. bxc3 Bd7 11. O-O Qc7 12. c4 Nf4 13. Be4 Ng6 14. g3
Nce7 15. Qe2 O-O 16. h4 f5 17. Bd3 Nc6 18. h5 Nge7 19. d5 Nd8 20. Rfe1 Re8 21.
Ne5 Nc8 22. Nxd7 Qxd7 23. Bxf5 Qf7 24. Qe4 Nd6 25. Bxh7+ Kh8 26. Qd3 Rf8 27.
Be3 e5 28. Bg6 Qf6 29. c5 N6f7 30. Qf5 Qa6 31. h6 Rc8 32. Kg2 Rc7 33. Rh1 Qf6
34. hxg7+ Kxg7 35. Rh7+ 1-0

[Event "XXIV Weekend A"]
[Site "Robecchetto con Induno ITA"]
[Date "2013.12.28"]
[Round "3"]
[White "Bejo, Armand"]
[Black "Novi', Giuseppe"]
[WhiteElo "1609"]
[BlackElo "1822"]
[Result "1/2-1/2"]
[PlyCount "119"]
[EventDate "2013.12.27"]

1. e4 c6 2. d4 d5 3. e5 Bf5 4. Bd3 Bxd3 5. Qxd3 e6 6. Nf3 Qb6 7. O-O c5 8. c3
Ne7 9. a4 Nbc6 10. Qb5 Nf5 11. g4 Nfe7 12. dxc5 Qc7 13. Bf4 Ng6 14. Bg3 Be7 15.
b4 O-O 16. Re1 Rad8 17. Qd3 Rd7 18. Na3 a6 19. Nc2 Rfd8 20. Ncd4 Rb8 21. h4 a5
22. h5 Nf8 23. Nb5 Qd8 24. Rab1 axb4 25. cxb4 Ra8 26. Qd1 b6 27. Nd6 bxc5 28.
bxc5 Qa5 29. Nb7 Qxa4 30. Qxa4 Rxa4 31. Rb6 Rc7 32. Nd6 Nd7 33. Rb5 Nd4 34.
Nxd4 Rxd4 35. Rc1 Rxg4 36. Kh2 h6 37. c6 Rxg3 38. Kxg3 Nxe5 39. Ne8 Rxc6 40.
Rxc6 Nxc6 41. Rb6 Nd4 42. Rb8 Kh7 43. Rb7 Nf5+ 44. Kf4 g6 45. Kg4 d4 46. Rd7
Kg8 47. Nc7 Kf8 48. hxg6 fxg6 49. Nxe6+ Ke8 50. Nxd4 h5+ 51. Kf4 Kxd7 52. Nxf5
Ke6 53. Ng7+ Kf6 54. Nxh5+ gxh5 55. Kg3 Kf5 56. f4 Ke4 57. f5 Ke3 58. f6 Bxf6
59. Kg2 Be5 60. Kh1 1/2-1/2